Normal view
MARC view
Entry Topical Term
001 - CONTROL NUMBER
- control field: 47335
003 - CONTROL NUMBER IDENTIFIER
- control field: dpl
005 - DATE AND TIME OF LATEST TRANSACTION
- control field: 20120517155549.0
008 - FIXED-LENGTH DATA ELEMENTS
- fixed length control field: 120517|||a|||||| | ||| d
040 ## - CATALOGING SOURCE
- Original cataloging agency: dpl
- Transcribing agency: dpl
150 ## - HEADING--TOPICAL TERM
- Topical term or geographic name as entry element: Quantum theory.
670 ## - SOURCE DATA FOUND
- Source citation: Work cat.: (dpl)66830: Kaushal, Radhey Shyam 47159, The science of philosophy : , 2011
670 ## - SOURCE DATA FOUND
- Source citation: Work cat.: (dpl)66830: Kaushal, Radhey Shyam 47159, The science of philosophy : , 2011
